000 00730nam a2200229Ii 4500
003 JO-AjNU
008 230605s9999||||xx |||||||||||||| ||und||
017 _a2017/6/3115
020 _a978-9957-76-562-0
040 _aJO-AjNU
_bara
_erda
_cJO-AjNU
041 _aara
050 1 4 _aHG4026 2018
100 3 _aالحسناوي ، سالم صلال ,
_eauthor
_957899
245 0 0 _aالإدارة المالية الحديثة
250 _aط1
264 3 1 _aعمان: دار الرضوان للنشر والتوزيع، 2017
300 _a359ص
336 _atext
_btxt
_2rdacontent
337 _aunmediated
_bn
_2rdamedia
338 _avolume
_bnc
_2rdacarrier
650 4 _aإدارة الاعمال- المالية
_957900
999 _aA25973
_c29541
_d29541